000
00300nam a22001457a 4500
008
210302b ||||| |||| 00| 0 eng d
020
_a
2900538497816
041
_a
eng
080
_a
51
082
_a
51
100
_a
36
101
_a
MAT
245
_a
Calculus 7E
_c
Stewart, J
942
_2
udc
_c
BK
999
_c
55480
_d
55480